Normal view
MARC view
- الاردن - تاريخ - جلالة الملك عبدالله الناثي ابن الحسين 1999 - خطابات
Entry Topical Term
001 - CONTROL NUMBER
- control field: 62326
003 - CONTROL NUMBER IDENTIFIER
- control field: JO-AjAnu
005 - DATE AND TIME OF LATEST TRANSACTION
- control field: 20230606084159.0
008 - FIXED-LENGTH DATA ELEMENTS
- fixed length control field: 230606|| aca||aabn | a|a d
040 ## - CATALOGING SOURCE
- Original cataloging agency: JO-AjAnu
- Transcribing agency: JO-AjAnu
150 ## - HEADING--TOPICAL TERM
- Topical term or geographic name entry element: الاردن - تاريخ - جلالة الملك عبدالله الناثي ابن الحسين 1999 - خطابات
670 ## - SOURCE DATA FOUND
- Source citation: Work cat.: (JO-AjAnu)31785: عبدالله الثاني إبن الحسين، ملك الآردن، 1999؛ اشراف الديوان الملكي الهاشمي؛ جمع وتحرير بتول نائل العبداللات؛ متابعة وتنسيق يمان عبد المجيد الذنيبات واخرون, author 62325, الخطاب السامي لصاحب الجلالة الهاشمية الملك عبدالله الثاني ابن الحسبن المعظم، مج 20